000 00336nam a2200109Ia 4500
008 160531s9999 xx 000 0 und d
100 _aCeresa, Brian.
245 _aMolecular Regulation of Endocytosis
245 _cby Brian Ceresa (ed.)
260 _c2012
856 _uhttp://www.intechopen.com/books/molecular-regulation-of-endocytosis
999 _c295478
_d295478